000 02565nam a2200361 a 4500
001 000109663
003 CHAP
005 20251201113438.0
008 140519s2014 mx sm |||||||spa d
040 _cCHAP
090 _aTesis
100 1 _aEspinosa Heredia, Lavinia Enid
_9126913
245 1 0 _aAl cuerpo lo que pida: representaciones sociales de la sexualidad entre estudiantes de la preparatoria agrícola, UACh.
_cpor Lavinia Enid Espinosa Heredia; director de tesis María Eugenia Chávez Arellano
264 _aChapingo, México :
_bEl autor,
_c2014.
300 _a1 recurso electrónico (230 páginas).
336 1 _2rdacontent
_atexto
_btxt
337 _2rdacontent
_atexto
_btxt
338 _2rdamedia
_acomputadora
_bc
502 _bMCSR
_cSociología
_d2014.
_gMAE
520 _aEl presente trabajo hace un análisis sobre las representaciones sociales de la sexualidad que poseen estudiantes de la Preparatoria Agrícola de la Universidad Autónoma Chapingo, a través de la perspectiva de género y considerando el contexto particular del entorno, así como el proceso de adaptación a un nuevo medio durante su llegada y su estancia en la preparatoria. Se utilizó una metodología mixta, predominantemente cualitativa con la finalidad de hacer un análisis más completo sobre las formas de representar a la sexualidad y sus repercusiones. Se aplicaron cuestionarios de asociación libre, talleres y grupos focales, que permitieron la obtención de discursos que fueron analizados bajo un marco sociológico interpretativo. Los resultados obtenidos son un reflejo de la sociedad en la que vivimos hoy en día, de la implantación de la lógica de género, pero también representan el proceso que enfrentan las y los jóvenes al dejar a su familia e incorporarse a una institución en donde pasaran sus siguientes 7 años aproximadamente y muestran las ideas compartidas respecto a diferentes aspectos de la sexualidad, lo que podría ayudar a estructurar programas de educación sexual basados en sus propias necesidades.
590 _aBATCH-UPD
_b05
_c20141002
590 _aE5765TAJ
_b05
_c20140519
590 _aE5765TAJ
_b05
_c20140519
650 1 4 _aAdolescencia.
_9954
650 1 4 _aEducación sexual.
_935598
650 1 4 _aEquidad de género.
_937248
650 1 4 _aSexualidad humana.
_9105427
700 1 _aChávez Arellano, María Eugenia
_922663
_edirector.
856 _uhttp://10.13.5.2/tesis/sist109663.pdf
_zDESCARGAR PDF
942 _2Clasificación Universidad Autónoma Chapingo
_cTD
999 _c106125
_d106125